[Event "MGL-ch 53rd"]
[Site "Ulaanbaatar"]
[Date "2013.04.06"]
[Round "2"]
[White "Boldoo, Erdenepurev"]
[Black "Gunbayar, Myagmarsuren"]
[Result "0-1"]
[WhiteElo "2146"]
[BlackElo "2351"]
[PlyCount "68"]
[EventDate "2013.04.06"]
[EventType "tourn"]
[EventRounds "13"]
[EventCountry "MGL"]
[EventCategory "3"]
[SourceTitle "CBM 153 Extra"]
[Source "ChessBase"]
[SourceDate "2013.04.22"]
[SourceVersion "1"]
[SourceVersionDate "2013.04.22"]
[SourceQuality "1"]

1. e4 e5 2. Bc4 Nc6 3. Nf3 Bc5 4. c3 Nf6 5. d3 0-0 6. 0-0 d6 7. Bg5 h6 8. Bh4 Bg4 9. h3 Bh5 10. Nbd2 a6 11. Bb3 Ba7 12. Re1 g5 13. Bg3 Kg7 14. Nf1 Bg6 15. Qe2 Nh5 16. Rad1 Qf6 17. Ne3 Rae8 18. Kh2 Nf4 19. Bxf4 exf4 20. Nd5 Qd8 21. Qd2 h5 22. g3 Ne5 23. Nxe5 dxe5 24. g4 hxg4 25. hxg4 c6 26. Nb4 Rh8+ 27. Kg2 f3+ 28. Kg3 Rh4 29. Rh1 Reh8 30. Rxh4 Rxh4 31. Rg1 Bxe4 32. Qe1 Rh3+ 33. Kxh3 Qh8+ 34. Kg3 Qh4# 0-1